Statistics for Most Flood-Prone Countries

Click here to take the quiz!

General Stats

  • This quiz has been taken 17,642 times
  • The average score is 6 of 9

Answer Stats

ScoreContinentCountry% Correct
3.9AsiaIndia
94%
4.9AsiaBangladesh
84%
3.9AsiaPakistan
72%
3.9AsiaCambodia
69%
4.0AsiaPhilippines
67%
3.9AsiaLaos
64%
3.9North AmericaHaiti
51%
4.5AsiaNepal
45%
4.7AsiaBhutan
42%

Score Distribution

Percentile by Number Answered

Percent of People with Each Score

Your Score History

You have not taken this quiz